LIBRARY ONLINE CATALOGUE

The Law of confidentiality : (Record no. 4395)

MARC details
000 -LEADER
fixed length control field 00749cam a22002292 4500
001 - CONTROL NUMBER
control field 0000023607
005 - DATE AND TIME OF LATEST TRANSACTION
control field 20151217145942.0
008 - FIXED-LENGTH DATA ELEMENTS--GENERAL INFORMATION
fixed length control field 130311s xx 000 0 eng d
020 ## - INTERNATIONAL STANDARD BOOK NUMBER
International Standard Book Number 1841138114 :
040 ## - CATALOGING SOURCE
Original cataloging agency KABU
Transcribing agency KABU
100 1# - MAIN ENTRY--PERSONAL NAME
Personal name Stanley, Paul.
-- 0000183124
245 14 - TITLE STATEMENT
Title The Law of confidentiality :
Remainder of title a statement /
Statement of responsibility, etc. Paul Stanley.
250 ## - EDITION STATEMENT
Edition statement 1st ed.
260 ## - PUBLICATION, DISTRIBUTION, ETC. (IMPRINT)
Place of publication, distribution, etc. Oxford :
Name of publisher, distributor, etc. Hart,
Date of publication, distribution, etc. 2008.
300 ## - PHYSICAL DESCRIPTION
Extent xxvii, 169 p.
650 #0 - SUBJECT ADDED ENTRY--TOPICAL TERM
Topical term or geographic name as entry element Secrecy
General subdivision Laws and legislation
Geographic subdivision Great Britain.
-- 0000183125
650 #0 - SUBJECT ADDED ENTRY--TOPICAL TERM
Topical term or geographic name as entry element Confidential communications
Geographic subdivision Great Britain.
-- 0000183126
650 #0 - SUBJECT ADDED ENTRY--TOPICAL TERM
Topical term or geographic name as entry element Privacy, Right of.
Geographic subdivision Great Britain.
-- 0000183127
852 1# - LOCATION
-- p5220 KES
908 ## - PUT COMMAND PARAMETER (RLIN)
Put command parameter 130311
950 ## - LOCAL HOLDINGS (RLIN)
-- 1
Holdings
Withdrawn status Lost status Source of classification or shelving scheme Not for loan Home library Current library Date acquired Total Checkouts Full call number Barcode Date last seen Date last checked out Price effective from Koha item type
    Library of Congress Classification   Kabarak, Main Campus Kabarak, Main Campus 17/12/2015 3 KD1956 .S73 2008 c. 1 014513 27/10/2022 15/10/2022 17/12/2015 General Collection